01304nam a22002657a 450000500170000000800410001702000180005804000130007608200200008924501140010926001050022330000320032850000240036050400300038465000310041465300230044565500240046870000410049270000390053394200200057299900170059295201340060995201490074395201460089220141027145143.0141027t2009 xxua frb 001 0 eng d a9780123742568 aEG-ScBUE00222a616.89bCLI00aClinical psychology :bassessment treatment and research /cedited by David C. S. Richard, Steven K. Huprich. aBurlington, United States ;aCalifornia, United States ;aLondon :bElsevier Academic Press,cc.2009 ax, 566 p. :bill. ;c24 cm. aIndex : p. 555-566. aIncludes bibliographical. 0930633aClinical psychology bPPhrmcOctober2014 vreading book9342321 aRichard, David C. S.eeditor.9363501 aHuprich, Steven K.936351eeditor. 2ddck616.89 CLI c18509d18481 00102ddc40708BaccahaMAINbMAINc1STd2014-10-27epurchaseg550.00l0o616.89 CLIp000036829r2025-07-15 00:00:00v687.50yBB 00102ddc40708BaccahaMAINbMAINc1STd2014-10-27epurchaseg550.00l1m7o616.89 CLIp000036830r2025-07-15 00:00:00s2014-12-15v687.50yBB 00102ddc40708BaccahaMAINbMAINc1STd2014-10-27epurchaseg550.00l1o616.89 CLIp000036831r2025-07-15 00:00:00s2020-02-11v687.50yBB